[Event "Hallstahammar op"]
[Site "Hallstahammar"]
[Date "2003.09.14"]
[Round "6"]
[White "Ivarsson, Evert"]
[Black "Andersson, Jan"]
[Result "0-1"]
[WhiteElo "1395"]
[BlackElo "1739"]
[PlyCount "64"]
[EventDate "2003.09.12"]
[EventType "swiss"]
[EventRounds "7"]
[EventCountry "SWE"]
[SourceTitle "CBM 096 Extra"]
[Source "ChessBase"]
[SourceDate "2003.10.22"]
[SourceVersion "2"]
[SourceVersionDate "2003.10.20"]
[SourceQuality "1"]

1. e4 e6 2. d4 d5 3. exd5 exd5 4. Nf3 Bd6 5. Be3 Bg4 6. Nbd2 Nf6 7. Be2 0-0 8. 0-0 Nbd7 9. c3 c6 10. Qc2 Bh5 11. h3 Qc7 12. Rae1 Rae8 13. Bd3 Bg6 14. Bxg6 hxg6 15. Re2 Ne4 16. Rfe1 f5 17. Bg5 Ndf6 18. Bxf6 gxf6 19. Qd1 g5 20. Nxe4 fxe4 21. Nd2 f5 22. Kh1 Qh7 23. f3 Bg3 24. Rf1 e3 25. Nb3 f4 26. Nc5 g4 27. fxg4 f3 28. Rxf3 Rxf3 29. gxf3 Qxh3+ 30. Kg1 Bf2+ 31. Rxf2 exf2+ 32. Kxf2 Qh2+ 0-1

[Event "Hallstahammar op"]
[Site "Hallstahammar"]
[Date "2003.09.13"]
[Round "4"]
[White "Ivarsson, Evert"]
[Black "Norqvist, Lars"]
[Result "0-1"]
[WhiteElo "1395"]
[BlackElo "1800"]
[PlyCount "70"]
[EventDate "2003.09.12"]
[EventType "swiss"]
[EventRounds "7"]
[EventCountry "SWE"]
[SourceTitle "CBM 096 Extra"]
[Source "ChessBase"]
[SourceDate "2003.10.22"]
[SourceVersion "2"]
[SourceVersionDate "2003.10.20"]
[SourceQuality "1"]

1. e4 e6 2. d4 d5 3. exd5 exd5 4. Nc3 c6 5. Nf3 Bd6 6. Bd3 Ne7 7. 0-0 Bg4 8. Be2 Qc7 9. Ne5 Bxe2 10. Qxe2 0-0 11. Nf3 Nd7 12. Qd3 Rfe8 13. Bg5 Nf8 14. Ne2 Neg6 15. Ng3 f6 16. Be3 Ne6 17. Qd2 Qf7 18. Nf5 Bc7 19. g3 Ne7 20. N3h4 Qh5 21. Nxe7+ Rxe7 22. f4 Rae8 23. Rae1 Nd8 24. Ng2 Nf7 25. Qe2 Qxe2 26. Rxe2 Nd6 27. Rfe1 Nc4 28. b3 Nd6 29. Rf2 Ba5 30. Bd2 Rxe1+ 31. Bxe1 Bxe1 32. Nxe1 Rxe1+ 33. Kg2 Ne4 34. Rf3 Re2+ 35. Kf1 Rxc2 0-1

[Event "Hallstahammar op"]
[Site "Hallstahammar"]
[Date "2003.09.12"]
[Round "1"]
[White "Styf, Josef"]
[Black "Ivarsson, Evert"]
[Result "1-0"]
[WhiteElo "1974"]
[BlackElo "1395"]
[PlyCount "62"]
[EventDate "2003.09.12"]
[EventType "swiss"]
[EventRounds "7"]
[EventCountry "SWE"]
[SourceTitle "CBM 096 Extra"]
[Source "ChessBase"]
[SourceDate "2003.10.22"]
[SourceVersion "2"]
[SourceVersionDate "2003.10.20"]
[SourceQuality "1"]

1. e4 e6 2. d3 d5 3. Nd2 dxe4 4. dxe4 Nc6 5. Ngf3 Bb4 6. c3 Ba5 7. Bc4 Nge7 8. 0-0 a6 9. Qe2 b5 10. Bb3 0-0 11. Rd1 Qe8 12. e5 Bb7 13. Ne4 Rd8 14. Bg5 Bb6 15. Rxd8 Nxd8 16. Rd1 Ndc6 17. h3 Ng6 18. Ng3 Na5 19. Rd8 Qc6 20. Rxf8+ Kxf8 21. Bc2 Nc4 22. Be4 Qc5 23. Bxb7 Ncxe5 24. Nxe5 Nxe5 25. Be3 Qd6 26. Bxb6 cxb6 27. Bxa6 Ng6 28. Qxb5 Ke7 29. Qb4 Qxb4 30. cxb4 Ne5 31. Kf1 Nd3 1-0

[Event "Hallstahammar op"]
[Site "Hallstahammar"]
[Date "2001.09.09"]
[Round "6"]
[White "Lindh, Goran"]
[Black "Ivarsson, Evert"]
[Result "1-0"]
[WhiteElo "1668"]
[BlackElo "1343"]
[PlyCount "107"]
[EventDate "2001.??.??"]
[EventType "swiss"]
[EventRounds "7"]
[EventCountry "SWE"]
[SourceTitle "EXT 2006"]
[Source "ChessBase"]
[SourceDate "2005.11.24"]
[SourceVersion "1"]
[SourceVersionDate "2005.11.24"]
[SourceQuality "1"]

1. e4 e6 2. f4 d5 3. e5 Nc6 4. Nf3 Bc5 5. d4 Bb6 6. c3 Nge7 7. Bd3 Nf5 8. 0-0 Nce7 9. a4 a5 10. Na3 c6 11. Nc2 Bd7 12. Ne3 g6 13. Ng4 Ng8 14. Qb3 Qc7 15. Qa3 0-0-0 16. b4 h5 17. Nf6 Nxf6 18. bxa5 Bxa5 19. exf6 b6 20. c4 dxc4 21. Bxc4 Nd6 22. Ne5 Ne4 23. Nxf7 Nxf6 24. Nxh8 Rxh8 25. Bb2 Nd5 26. Bxd5 exd5 27. Bc3 Bf5 28. Bxa5 bxa5 29. Rac1 Rd8 30. Qc5 Rd6 31. Rfe1 Bd7 32. Rb1 Rf6 33. g3 h4 34. Qe7 Qd6 35. Qxd6 Rxd6 36. gxh4 Rf6 37. Rf1 Bf5 38. Rb6 Kc7 39. Rb2 Re6 40. Rd2 Re3 41. Ra2 Rd3 42. Kf2 Rxd4 43. Kg3 Rd3+ 44. Rf3 Rd1 45. h5 gxh5 46. Kh4 Bg4 47. Rff2 Rd3 48. f5 Rf3 49. Rxf3 Bxf3 50. f6 Kd7 51. Kg5 d4 52. Kg6 Bd5 53. Rf2 d3 54. f7 1-0